An INTRODUCTION to the study of adult education: : a multi-disciplinary and cross-cultural approach for developing countries

Kaydedildi:
Detaylı Bibliyografya
Materyal Türü: Kitap
Dil:İngilizce
Baskı/Yayın Bilgisi: University Press 1981.
Etiketler: Etiketle
Etiket eklenmemiş, İlk siz ekleyin!

MARC

LEADER 00000nam a22000007a 4500
008 201218b ||||| |||| 00| 0 eng d
020 |a : 978-154609-3 
245 |a An INTRODUCTION to the study of adult education:   |b : a multi-disciplinary and cross-cultural approach for developing countries  |c Lalage Bown and J. T. Okedara 
250 |c Bown, Lalage 
250 |c Okedara, J. T. 
260 |b University Press   |c 1981.  |d Books  |h  Ibadan  |i 680528  |l LC5258 .A2In8  |m Adult education  |m Adult education – Africa, Sub-Saharan. 
942 |a lcc  |c BK  |e Adekanye I. H.  |f 18/12/2020 
952 |0 0  |1 0  |2 lcc  |4 0  |6 LC5258 A2 I N8  |7 0  |9 783  |a HOL  |b HOL  |c LP  |d 2020-12-18  |l 0  |o LC5258 .A2In8  |p 2020-229998  |r 2020-12-18 00:00:00  |w 2020-12-18  |y BK 
999 |c 439  |d 439